2層構造の地下駅 - Statistics

General Stats
  • This quiz has been taken 253 times
    239 since last reset
  • The average score is 9 of 27
Answer Stats
Hint Answer 上段 下段 % Correct
小田急 下北沢 緩行線 急行線
66%
京王 調布 京王八王子・橋本方面 新宿方面
62%
りんかい線 大井町 大崎方面 新木場方面
58%
東京メトロ 赤坂見附 渋谷・荻窪方面 浅草・池袋方面
48%
東急 桜新町 中央林間方面 渋谷方面
44%
東京メトロ 東新宿 渋谷方面 和光市方面
42%
京王 初台 新宿方面 笹塚方面
42%
東京メトロ 根津 代々木上原方面 綾瀬方面
40%
東京メトロ 千川 有楽町線 副都心線
39%
東京メトロ 要町 有楽町線 副都心線
38%
東京メトロ 千駄木 代々木上原方面 綾瀬方面
35%
東京メトロ 西日暮里 代々木上原方面 綾瀬方面
33%
東京メトロ 町屋 代々木上原方面 綾瀬方面
33%
福岡市交 中洲川端 箱崎線 空港線
32%
東京メトロ 銀座一丁目 新木場方面 和光市方面
29%
横浜市交 関内 湘南台方面 あざみ野方面
29%
京都市交 御陵 太秦天神川方面 六地蔵・大津線方面
29%
東京メトロ 住吉 渋谷方面 押上方面
28%
都営 六本木 新宿方面 大門方面
28%
神戸市交 三宮 谷上方面 西神中央方面
28%
都営 三田 目黒方面 西高島平方面
27%
東京メトロ 神楽坂 中野方面 西船橋方面
18%
東京メトロ 麹町 新木場方面 和光市方面
18%
神戸市交 県庁前 谷上方面 西神中央方面
16%
横浜市交 高田 日吉方面 中山方面
10%
OsakaMetro 関目成育 今里方面 井高野方面
8%
OsakaMetro コスモスクエア 南港ポートタウン線 中央線
5%
No matching quizzes found
Score Distribution
Percent of People with Each Score
Percentile by Number Answered
Your Score History
You have not taken this quiz since the last reset